Diccionario de términos agrícolas inglés-español, español-inglés
-д хадгалсан:
| Үндсэн зохиолчид: | , |
|---|---|
| Формат: | Ном |
| Хэл сонгох: | испани |
| Хэвлэсэн: |
León
Universidad de León
1998
|
| Нөхцлүүд: | |
| Шошгууд: |
Шошго нэмэх
Шошго байхгүй, Энэхүү баримтыг шошголох эхний хүн болох!
|
MARC
| LEADER | 00000nam a2200000 a 4500 | ||
|---|---|---|---|
| 001 | UCL3820 | ||
| 003 | CL-VaPUC | ||
| 008 | 031212e19980000SP |||||||||||||||||spa|d | ||
| 020 | |a 8477196680 | ||
| 082 | 0 | 4 | |a 630.3 |b LAN |2 21 |
| 100 | 0 | |a Lanero Fernández, Juan J |e author |9 481236 | |
| 700 | 0 | |a Pérez Jorge, María Mariana |e author |9 481237 | |
| 245 | 1 | 0 | |a Diccionario de términos agrícolas inglés-español, español-inglés |
| 300 | |a 481 p | ||
| 942 | |c BK | ||
| 945 | |d 20031212 00:00:00 |a cmena | ||
| 260 | |a León |b Universidad de León |c 1998 | ||
| 650 | 0 | |a Agricultura |9 255598 | |
| 650 | 0 | |a Diccionarios |9 256200 | |
| 583 | |a last modification |c 20031212 00:00:00 |k Rodrigo Vera | ||
| 999 | |c 306825 |d 306823 | ||
| 952 | |0 0 |1 0 |4 0 |6 630_300000000000000_LAN_1998 |7 0 |8 X |9 372188 |a BIBEDU |b BIBEDU |d 2019-11-21 |i 3973603 |l 1 |o 630.3 LAN 1998 |p 3973603 |r 2023-10-02 |s 2023-10-02 |w 2019-11-21 |y BK_X |k CIT | ||